| 000 | 00921nam a2200229 i 4500 | ||
|---|---|---|---|
| 001 | 183356 | ||
| 003 | ES-MaACL | ||
| 005 | 20240125063157.0 | ||
| 008 | 140331s1923 sp | |||| ||spa d | ||
| 080 | _a159.964.2 | ||
| 100 | 1 |
_aFreud, Sigmund, _d1856-1939 _952547 |
|
| 245 | 1 | 0 |
_aIntroducción a la psicoanálisis / _cSigmund Freud ; traducción directa del alemán de Luis López-Ballesteros y de Torres. |
| 260 |
_aMadrid : _bBiblioteca Nueva, _c[1923] ( _eSegovia : _fEl Adelantado de Segovia) |
||
| 300 |
_a2 v. ; _c22 cm. |
||
| 490 | 1 |
_aObras completas del profesor S. Freud ; _v4-5 |
|
| 505 | 8 | _a1. Los actos fallidos y los sueños 2. Teoría general de las neurosis | |
| 650 | 0 | 4 |
_aPsicoanálisis. _916530 |
| 700 | 1 |
_aLópez-Ballesteros y de Torres, Luis. _973432 |
|
| 830 | 0 |
_aObras completas del profesor S. Freud ; _v4-5 _9191914 |
|
| 852 |
_aES-MaACL _jC-21028-29 |
||
| 999 |
_c183356 _d183356 |
||